A HEGY Keresztény Gólyatábor közösségépítő szerepe az egyetemista fiatalok életében

Bibliográfiai részletek
Szerző: Jeszenszky Luca
További közreműködők: Takács Dr. Edit
Dokumentumtípus: Diplomadolgozat
Kulcsszavak:értékrend
kereszténység
közösség
vallás
Z generáció
Online Access:http://dolgozattar.uni-bge.hu/59617

MARC

LEADER 00000nta a2200000 i 4500
001 dolg59617
005 20260409145318.0
008 260409suuuu hu om 000 hun d
040 |a BGE Dolgozattár Repozitórium  |b hun 
041 |a hu 
100 1 |a Jeszenszky Luca 
245 1 2 |a A HEGY Keresztény Gólyatábor közösségépítő szerepe az egyetemista fiatalok életében  |c Jeszenszky Luca  |h [elektronikus dokumentum] 
520 3 |a A szakdolgozat a HEGY Keresztény Gólyatábor közösségépítő szerepét vizsgálja a magyarországi egyetemisták körében, különös tekintettel a Z generáció tagjaira. A kutatás célja feltárni, hogy a tábor hogyan hat a fiatalok közösségi életére, baráti kapcsolataira, valamint vallási és közösségi elköteleződésére. A dolgozat először a Z generáció sajátosságait, majd a kereszténység és az ökumenizmus történeti hátterét, valamint a közösségelméleteket mutatja be. Empirikus kutatás keretében kérdőíves felmérés és fókuszcsoportos interjúk készültek, melyek alapján megállapítható, hogy a HEGY tábor jelentős szerepet játszik az egyetemisták közösségi integrációjában, új barátságok kialakításában, és megerősíti a vallásos értékek megtartását a fiatalok körében. A dolgozat következtetései rávilágítanak arra, hogy a keresztény közösségek továbbra is erős identitásformáló és megtartó erővel bírnak a modern digitális korban is. 
695 |a értékrend 
695 |a kereszténység 
695 |a közösség 
695 |a vallás 
695 |a Z generáció 
700 1 |a Takács Dr. Edit  |e ths 
856 4 0 |u http://dolgozattar.uni-bge.hu/59617/1/Jeszenszky%20Luca_Szakdolgozat_2025.04.28..pdf  |z Dokumentum-elérés 
856 4 0 |u http://dolgozattar.uni-bge.hu/59617/2/Jeszenszky_Luca_k%C3%BCls%C5%91_b%C3%ADr%C3%A1lat.pdf  |z Dokumentum-elérés 
856 4 0 |u http://dolgozattar.uni-bge.hu/59617/3/Jeszenszky%20Luca_konzulens_b%C3%ADr%C3%A1lat_Tak%C3%A1csEdit.pdf  |z Dokumentum-elérés